LIBRARY & INFORMATION CENTRE, KCAET, TAVANUR

ONLINE PUBLIC ACCESS CATALOGUE (OPAC)

Studies on pressure parboiling of paddy (Record no. 15017)

MARC details
000 -LEADER
fixed length control field 00594nam a22001817a 4500
003 - CONTROL NUMBER IDENTIFIER
control field OSt
088 ## - REPORT NUMBER
Report number P 161
100 ## - MAIN ENTRY--AUTHOR NAME
Personal name SIMI V. P
-- SUDEEP P. S
245 ## - TITLE STATEMENT
Title Studies on pressure parboiling of paddy
260 ## - PUBLICATION, DISTRIBUTION, ETC. (IMPRINT)
Place of publication Tavanur 2006
Name of publisher Kelappaji College of Agricultural Engineering and Technology
300 ## - PHYSICAL DESCRIPTION
Number of Pages 50
500 ## - GENERAL NOTE
General note Studies on pressure parboiling of paddy
520 ## - SUMMARY, ETC.
Summary, etc Studies on pressure parboiling of paddy
700 ## - ADDED ENTRY--PERSONAL NAME
Personal name Er. Prince M. V (Guide)
856 ## - ELECTRONIC LOCATION AND ACCESS
Uniform Resource Identifier https://drive.google.com/open?id=1P_jdYjOB_ni7Jc1yeqbAJbwSclg-0-aj
942 ## - ADDED ENTRY ELEMENTS (KOHA)
Koha item type Project Report
Holdings
Collection code Home library Current library Shelving location Full call number Accession Number Koha item type
Reference KAUAET KAUAET Reference 631.56 SIM/ST P 161 Project Report
free website counter